| 000 | 00688cam a2200205 a 4500 | ||
|---|---|---|---|
| 001 | 000014272 | ||
| 005 | 20200929163542.0 | ||
| 008 | 820803s1969 ve 000 0 spa | ||
| 035 | _a(DLC) 82186911 | ||
| 040 |
_aDO-SdBNP _cDLC _dDLC |
||
| 082 |
_a330.09 _bS586i |
||
| 100 | 1 |
_aSilva Otero, Arístides. _932228 |
|
| 245 | 1 | 0 |
_aIntroducción al estudio de la historia económica / _cArístides Silva Otero. |
| 260 |
_aCaracas : _bInstituto de Investigaciones Económicas ; _bUniversidad Central de Venezuela, _c1969. |
||
| 300 | _a130 p. ; 22 cm. | ||
| 504 | _aBibliografías: p. 127-130. | ||
| 650 | 4 |
_aEconomía _xHistoria _912752 |
|
| 910 | _aCatalogación derivada | ||
| 049 | _aBNGR | ||
| 999 |
_c13868 _d13868 |
||